00473nam a2200193 a 4500001001300000003000900013005001700022008004100039020000800080082001500088100001800103245002600121260003900147300000900186500003500195505001000230650002100240700001800261nice12345678IN_TiNIC20260116011746.0050524s1977 deoa grp 000 0 urd  ac400a953.8bKAR aKarara, Abbas aTarikh Mecca-O-Madina aDeobandbIdara Dars-E-Qur`anc1977 a159p aincludes index and biblioraphy2 aIndex aMecca and Madina1 aKarara, Abbas